书目信息 |
| 题名: |
中华历史人物故事集
|
|
| 作者: | 李夫 编写 | |
| 分册: | 五 | |
| 出版信息: | 北京 中国广播电视出版社 1991 |
|
| 页数: | 209页 | |
| 开本: | 19cm | |
| 丛书名: | ||
| 单 册: | ||
| 中图分类: | I287.53 , I242 | |
| 科图分类: | ||
| 主题词: | 儿童文学--历史故事--中国--现代--选集 , 中国 , 历史故事 | |
| 电子资源: | ||
| ISBN: | 7-5043-1263-0 | |
| 000 | 00747nam0 2200253 450 | |
| 001 | 1539651885 | |
| 005 | 20150123110126.50 | |
| 010 | @a7-5043-1263-0@dCNY3.50 | |
| 100 | @a20130329d1991 am y0chiy0110 ea | |
| 101 | 0 | @achi |
| 102 | @aCN@b110000 | |
| 105 | @ay z 000zd | |
| 200 | 1 | @a中华历史人物故事集@9zhong hua li shi ren wu gu shi ji@h五@f刘 夫等编写 |
| 210 | @a北京@c中国广播电视出版社@d1991 | |
| 215 | @a209页@d19cm | |
| 330 | @a本集讲了五位文学家的故事,他们是屈原、司马迁、李白、杜甫以及苏轼。 | |
| 606 | 0 | @a儿童文学@x历史故事@y中国@z现代@x选集 |
| 606 | 0 | @x中国 |
| 606 | 0 | @a历史故事 |
| 690 | @aI287.53@v5 | |
| 690 | @aI242@v4 | |
| 701 | 0 | @a李夫@9li fu@4编写 |
| 801 | 0 | @aCN@bTSSF@c20150123 |
| 905 | @aZUCC@dI242@eJY1:5 | |
| 中华历史人物故事集.五/刘 夫等编写.-北京:中国广播电视出版社,1991 |
| 209页;19cm |
| ISBN 7-5043-1263-0:CNY3.50 |
| 本集讲了五位文学家的故事,他们是屈原、司马迁、李白、杜甫以及苏轼。 |
| ● |
| 相关链接 |
|
|
|
|
正题名:中华历史人物故事集
索取号:I242/JY1:5
 
预约/预借
| 序号 | 登录号 | 条形码 | 馆藏地/架位号 | 状态 | 备注 |
| 1 | 7839827 | 278398271 | 学院路分馆/ [索取号:I242/JY1:5] | 在馆 |